Understanding and using WordPerfect 6.1 for Windows. / (Record no. 1796)

MARC details
000 -LEADER
fixed length control field 01846cam a2200253 a 4500
001 - CONTROL NUMBER
control field 4943436
005 - DATE AND TIME OF LATEST TRANSACTION
control field 20210414114055.0
008 - FIXED-LENGTH DATA ELEMENTS--GENERAL INFORMATION
fixed length control field 960312s1997 ilua 001 0 eng
010 ## - LIBRARY OF CONGRESS CONTROL NUMBER
LC control number
020 ## - INTERNATIONAL STANDARD BOOK NUMBER
International Standard Book Number 0256226350
040 ## - CATALOGING SOURCE
Original cataloging agency DLC
Transcribing agency DLC
Modifying agency DLC
050 00 - LIBRARY OF CONGRESS CALL NUMBER
Classification number Z52.5.W655H46
100 1# - MAIN ENTRY--PERSONAL NAME
Personal name Henderson, Gloria G.,
245 10 - TITLE STATEMENT
Title Understanding and using WordPerfect 6.1 for Windows. /
Statement of responsibility, etc. Gloria Henderson.
260 ## - PUBLICATION, DISTRIBUTION, ETC.
Place of publication, distribution, etc. Chicago :
Name of publisher, distributor, etc. Irwin Professional,
Date of publication, distribution, etc. 1997.
300 ## - PHYSICAL DESCRIPTION
Extent xv, 736 p. :
Other physical details ill. ;
Dimensions 28 cm.
500 ## - GENERAL NOTE
General note Includes index.
505 ## - FORMATTED CONTENTS NOTE
Formatted contents note Contents: Learning the basics: Using wordperfect and creating documents -- Getting help and reusing documents -- Editing and formatting documents -- Using wordperfect writing tools -- Adjusting documents and printing -- Using formatting tools -- Improving proficiency: Inserting objects and selecting text -- Formatting characters -- Increasing formatting efficiency -- Finding and replacing text -- Managing files and directories -- Constructing multiple-page documents -- Developing creativity: Inserting symbols and notes -- Using templates -- Customizing print and printed pages -- Creating newspaper and parallel columns -- Using graphics and textart -- Customizing graphics -- Increasing productivity: Creating tables -- Using windows and image tools -- Using macros -- Merging files -- Sorting text -- Creating styles and outlines -- Assembling tables and indexes -- Appendix A: Formatting a disk in windows -- Appendix B: Using the student data disk (copying disks).
538 ## - SYSTEM DETAILS NOTE
System details note System requirements for accompanying computer disc: IBM PC or compatible.
630 00 - SUBJECT ADDED ENTRY--UNIFORM TITLE
Uniform title WordPerfect (Computer file)
650 #0 - SUBJECT ADDED ENTRY--TOPICAL TERM
Topical term or geographic name entry element Word processing.
942 ## - ADDED ENTRY ELEMENTS (KOHA)
Source of classification or shelving scheme Library of Congress Classification
Koha item type Books
Holdings
Withdrawn status Lost status Source of classification or shelving scheme Damaged status Not for loan Home library Current library Shelving location Date acquired Total Checkouts Full call number Barcode Date last seen Copy number Price effective from Koha item type
    Library of Congress Classification     WISCONSIN INTERNATIONAL UNIVERSITY COLLEGE, GHANA - MAIN LIBRARY WISCONSIN INTERNATIONAL UNIVERSITY COLLEGE, GHANA - MAIN LIBRARY General Stacks 23/07/2012   Z52.5.W655H46 5601/12 23/07/2012 1 23/07/2012 Books
    Library of Congress Classification     WISCONSIN INTERNATIONAL UNIVERSITY COLLEGE, GHANA - MAIN LIBRARY WISCONSIN INTERNATIONAL UNIVERSITY COLLEGE, GHANA - MAIN LIBRARY General Stacks 23/07/2012   Z52.5.W655H461 5602/12 23/07/2012 2 23/07/2012 Books

If you have any concerns or questions; kindly contact the library


© Powered by WIUC ICT DIRECTORATE